Atomic transport in Solids. (Record no. 7597)
[ view plain ]
| 000 -LEADER | |
|---|---|
| fixed length control field | 00544nam a22001937a 4500 |
| 003 - CONTROL NUMBER IDENTIFIER | |
| control field | OSt |
| 005 - DATE AND TIME OF LATEST TRANSACTION | |
| control field | 20220113161909.0 |
| 008 - FIXED-LENGTH DATA ELEMENTS--GENERAL INFORMATION | |
| fixed length control field | 220113b ||||| |||| 00| 0 eng d |
| 020 ## - INTERNATIONAL STANDARD BOOK NUMBER | |
| International Standard Book Number | 0521543428 |
| 040 ## - CATALOGING SOURCE | |
| Transcribing agency | DDC |
| 082 ## - DEWEY DECIMAL CLASSIFICATION NUMBER | |
| Classification number | 530.416ALL 1993 |
| 100 ## - MAIN ENTRY--PERSONAL NAME | |
| Personal name | Allnnatt,A.R;Lidiard,A.B; |
| 9 (RLIN) | 15527 |
| 245 ## - TITLE STATEMENT | |
| Title | Atomic transport in Solids. |
| 260 ## - PUBLICATION, DISTRIBUTION, ETC. (IMPRINT) | |
| Place of publication, distribution, etc. | UK, |
| Name of publisher, distributor, etc. | Cambridge University Press. |
| Date of publication, distribution, etc. | 1993. |
| 300 ## - PHYSICAL DESCRIPTION | |
| Extent | xiii,572p; |
| Other physical details | col,ill; |
| Dimensions | 26cm. |
| 504 ## - BIBLIOGRAPHY, ETC. NOTE | |
| Bibliography, etc | appendix, references and index are included. |
| 650 ## - SUBJECT ADDED ENTRY--TOPICAL TERM | |
| Topical term or geographic name as entry element | Chemistry |
| 9 (RLIN) | 797 |
| 942 ## - ADDED ENTRY ELEMENTS (KOHA) | |
| Source of classification or shelving scheme | Dewey Decimal Classification |
| Koha item type | Open Shelf |
| Withdrawn status | Lost status | Source of classification or shelving scheme | Damaged status | Not for loan | Home library | Current library | Date acquired | Source of acquisition | Inventory number | Total Checkouts | Full call number | Barcode | Date last seen | Price effective from | Koha item type |
|---|---|---|---|---|---|---|---|---|---|---|---|---|---|---|---|
| Dewey Decimal Classification | MUST Main Library | MUST Main Library | 13/01/2022 | Purchase | 04/22897 | 530.416ALL 1993 | 2022-0019 | 13/01/2022 | 13/01/2022 | Open Shelf | |||||
| Dewey Decimal Classification | MUST Main Library | MUST Main Library | 13/01/2022 | Purchase | 04/21854 | 530.416ALL 1993 | 2022-0020 | 13/01/2022 | 13/01/2022 | Open Shelf | |||||
| Dewey Decimal Classification | MUST Main Library | MUST Main Library | 13/01/2022 | Purchase | 06/26521 | 530.416ALL 1993 | 2022-0021 | 13/01/2022 | 13/01/2022 | Open Shelf | |||||
| Dewey Decimal Classification | MUST Main Library | MUST Main Library | 13/01/2022 | Purchase | 06/26520 | 530.416ALL 1993 | 2022-0022 | 13/01/2022 | 13/01/2022 | Open Shelf | |||||
| Dewey Decimal Classification | MUST Main Library | MUST Main Library | 13/01/2022 | Purchase | 05/24493 | 530.416ALL 1993 | 2022-0023 | 13/01/2022 | 13/01/2022 | Open Shelf | |||||
| Dewey Decimal Classification | MUST Main Library | MUST Main Library | 13/01/2022 | Purchase | 05/24492 | 530.416ALL 1993 | 2022-0024 | 13/01/2022 | 13/01/2022 | Open Shelf | |||||
| Dewey Decimal Classification | MUST Main Library | MUST Main Library | 13/01/2022 | Purchase | 04/22898 | 530.416ALL 1993 | 2022-0025 | 13/01/2022 | 13/01/2022 | Open Shelf | |||||
| Dewey Decimal Classification | MUST Main Library | MUST Main Library | 13/01/2022 | Purchase | 06/26522 | 530.416ALL 1993 | 2022-0026 | 13/01/2022 | 13/01/2022 | Open Shelf |
